EC Hannover Indians - Statistiken

Allgemein
  • Dieses Quiz wurde 29 mal gespielt
  • Das Durchschnittsergebnis liegt bei 6 aus 8
Antwortstatistiken
Frage Antwort % Korrekt
Was sind die Vereinsfarben der EC Hannover Indians? Blau-Weiß-Rot
100%
Was sind die EC Hannover Indians? Ein Eishockeyverein
100%
In welcher Liga sind die EC Hannover Indians (stand: Januar 2025) Oberliga Nord
100%
Wann wurden die EC Hannover Indians gegründet? Im Mai 1948
82%
Wer ist der Kapitän der EC Hannover Indians (stand: Januar 2025) Phillip Messing
82%
Wer ist der Cheftrainer der EC Hannover Indians (stand: Januar 2025) Raphaël Joly
82%
In was haben die EC Hannover Indians einen Weltrekord? Für das meistbesuchte Frauenspiel im Eishockey
55%
Was waren die meisten Tore in einem Spiel, die von den EC Hannover Indians jemals erzielt worden? 25:2
36%
Keine übereinstimmenden Quizze gefunden
Verteilung der Resultate
Anzahl Personen mit jedem Resultat
Perzentil nach korrekt beantworteten Fragen
Ihre Resultats-Entwicklung
Sie haben dieses Quiz noch nicht gespielt